Ngữ văn Hán Nôm

Сохранить в:
Библиографические подробности
Главный автор: Đặng Đức Siêu
Формат:
Метки: Добавить метку
Нет меток, Требуется 1-ая метка записи!
Thư viện lưu trữ: Mạng thư viện Đại học Đà Nẵng
LEADER 00657nam a2200217 4500
001 000015510
003 11893
005 20150812150814.0
008 120529s sd
100 0 |a Đặng Đức Siêu 
245 0 0 |a Ngữ văn Hán Nôm  |c Đặng Đức Siêu 
774 |a Đặng Đức Siêu  |b In lần thứ hai  |g Tập 1  |w 11894 
774 |a Đặng Đức Siêu  |b In lần thứ hai  |g Tập 2  |o KD.015006, KD.015007  |w 11895 
OWN |a LSP 
999 |a From the UDN01 
TYP |a Monograph 
TYP |a Printed language 
980 |a Mạng thư viện Đại học Đà Nẵng